Shadow report on Algeria : (Record no. 132)

MARC details
000 -LEADER
fixed length control field 006290000a22001810004500
008 - FIXED-LENGTH DATA ELEMENTS--GENERAL INFORMATION
fixed length control field 230817t ||||| |||| 00| 0 eng d
020 ## - ISBN
ISBN 2912606055
082 ## - DEWEY DECIMAL CLASSIFICATION NUMBER
Classification number 305.42
Item number INT
942 ## - ADDED ENTRY ELEMENTS (KOHA)
Item Type Reports
110 ## - MAIN ENTRY--CORPORATE NAME
Corporate Name International Women's Human Rights Clinic
710 ## - ADDED ENTRY--CORPORATE NAME
Corporate Author Women Living Under Muslim Laws
245 ## - TITLE STATEMENT
Title Shadow report on Algeria :
Sub Title to the Committee on the Elimination of Discrimination Against Women, January, 1999
260 ## - PUBLICATION, DISTRIBUTION, ETC. (IMPRINT)
Place of Publication [Grabels];
Name of Publisher Women Living Under Muslim Laws,
Date of Copyright 2000
300 ## - PHYSICAL DESCRIPTION
Extent 24 p. ; 21 cm
650 ## - SUBJECT ADDED ENTRY--TOPICAL TERM
Topical Term Sex discrimination against women -Algeria
650 ## - SUBJECT ADDED ENTRY--TOPICAL TERM
Topical Term Women in Islam
650 ## - SUBJECT ADDED ENTRY--TOPICAL TERM
Topical Term Women's rights
Holdings
Withdrawn status Lost status Damaged status Not for loan Permanent location Current location Date acquired Total Checkouts Full call number Barcode Date last seen Price effective from Koha item type Source of classification or shelving scheme
        Resource center, Muslim Women's Research And Action Forum Resource center, Muslim Women's Research And Action Forum 2023-08-17   305.42 INT RAF3287 2023-08-17 2023-08-17 Reports  
        Resource center, Muslim Women's Research And Action Forum Resource center, Muslim Women's Research And Action Forum 2023-08-17   305.42 INT RAF3288 2023-08-17 2023-08-17 Reports  
        Resource center, Muslim Women's Research And Action Forum Resource center, Muslim Women's Research And Action Forum 2024-01-18   305.42 INT RAF4772 2024-01-18 2024-01-18 Reports Dewey Decimal Classification

Copyright © 2023 Muslim Women's Research and Action Forum (MWRAF), No 27/3, Anderson Road, Kalubowila, Dehiwela. Funded by The Asia Fundation